| 000 | 00578nam a22002177a 4500 | ||
|---|---|---|---|
| 003 | OSt | ||
| 005 | 20140310182917.0 | ||
| 008 | 130129t xxu||||| |||| 00| 0 eng d | ||
| 020 | _a971584393x | ||
| 050 |
_aKPM 1750.A9 _b.T928 2005 |
||
| 082 |
_aFIL 342 _b.T928 2005 |
||
| 245 |
_aConstitutional law reviewer (problems and answers) _cTupaz, Antonio R. |
||
| 260 |
_aManila _bC & E Publishing _c2005 |
||
| 300 |
_a478 p. _c22 cm. |
||
| 521 | _acollege students | ||
| 526 | _c1210L-1700L | ||
| 541 | _j1 | ||
| 541 | _j2 | ||
| 562 | _e2 | ||
| 942 |
_2lcc _cBK _kFIL |
||
| 999 |
_c17305 _d17305 |
||